| 000 | 00501nam a2200169 4500 | ||
|---|---|---|---|
| 001 | 143136 | ||
| 003 | ES-MaACL | ||
| 005 | 20230906200732.0 | ||
| 007 | t| | ||
| 008 | 070214s1973 sp r ||||1| cat d | ||
| 100 | 1 |
_aSellarès, Miquel. _9105322 |
|
| 245 | 1 | 0 |
_aSituacions conflictives _b: anys 1970-71 / _cMiquel Sellarès i Perelló. |
| 250 | _a1ª ed. | ||
| 260 |
_aBarcelona : _bPortic, _c1973 ( _fTall. Ibero-Americanos) |
||
| 300 |
_a256 p. ; _c18 cm. |
||
| 852 |
_aES-MaACL _jC-53513 _bR.85283 |
||
| 999 |
_c143136 _d143136 |
||